Comentarios al Cd̤igo Civil y compilaciones forales

Bibliographic Details
Other Authors: Albaladejo Garca̕, Manuel (Conductor)
Format: Unknown
Language:Spanish
Published: Madrid : EDERSA, D.L. 1990
Subjects:
Online Access:Acceso restringido

MARC

LEADER 00000ny a22000003n 4500
005 20110606132610.0
008 970408s1990 sp 000 spa d
020 |a 8471305321 
035 |a 677 
040 |a UMA.CEE  |d vLex 
040 |a UMA.RE  |d vLex 
090 |c 2134  |d 2134 
245 0 0 |a Comentarios al Cd̤igo Civil y compilaciones forales  |h [Recurso electrn̤ico]  |c dirigidos por Manuel Albaladejo 
256 |a Servicio en ln̕ea 
260 |a Madrid :  |b EDERSA,  |c D.L. 1990 
300 |a p. ;  |c 21 cm 
505 0 |t Tomo VIII, Vol.2, Artc̕ulos 618 a 656 del Cd̤igo civil /  |r comentados por Manuel Albaladejo Garca̕... [et al.] 
506 1 |a Contenido solo disponible en los productos indicados  |d vLex Global  |d vLex Global (Academic Edition, excluding Law Schools)  |d vLex Global (U.S. Academic Edition, Law Schools)  |d vLex Global (U.S. Academic Edition, excluding Law Schools)  |d vLex Global (Academic Edition, Law Schools) 
650 0 7 |a Civil  |2 Tesauro vLex 
650 0 7 |a Cd̤igo civil  |2 Tesauro vLex 
700 1 |a Albaladejo Garca̕, Manuel,  |e dir 
740 0 |a vLex Libros (Servicios en ln̕ea) 
856 4 0 |u http://vlex.com/source/677  |z Acceso restringido 
942 |c BOOK